| 000 | 01035cam a2200325 a 4500 | ||
|---|---|---|---|
| 999 |
_c535589 _d535589 |
||
| 001 | 14066676 | ||
| 003 | NUST | ||
| 005 | 20200917150107.0 | ||
| 008 | 050806s2006 njua b 001 0 eng d | ||
| 010 | _a 2005279718 | ||
| 020 | _a9783319910406 | ||
| 022 | _20172-6056 | ||
| 035 | _a(OCoLC)ocm57546461 | ||
| 038 | _aMSOHAIL | ||
| 040 |
_aTEF _cTEF _dOCL _dBAKER _dDLC |
||
| 042 | _alccopycat | ||
| 050 | 0 | 0 |
_aQA184 _b.O49 2006 |
| 082 | 0 | 0 |
_a512.5 _222 _bOLV |
| 100 | 1 |
_aOlver, Peter J. _930262 |
|
| 245 | 1 | 0 |
_aApplied linear algebra / _cPeter J. Olver, Chehrzad Shakiban. |
| 250 | _a2nd | ||
| 260 |
_aUpper Saddle River, NJ : _bPrentice Hall, _cc2006. |
||
| 300 |
_axxii, 679 p. : _bill. ; _c27 cm. |
||
| 504 | _aIncludes bibliographical references (p. 650-652) and index. | ||
| 650 | 0 |
_aAlgebras, Linear. _910720 |
|
| 700 | 1 |
_aShakiban, Chehrzad, _d1951- _930263 |
|
| 906 |
_a7 _bcbc _ccopycat _d2 _encip _f20 _gy-gencatlg |
||
| 942 |
_2ddc _cBK |
||